000 00436nam a22001457a 4500
005 20241113222319.0
008 241113b |||||||| |||| 00| 0 eng d
020 _a9780860652519
100 _aHughes Selwyn
245 _aGod Wants You Whole
_bThe way to Healing- Health and Wholeness
260 _aEastbourne, United Kingdom
_bKingsway Publications Ltd.
_c1984
300 _a152 pages
_c18 cm
650 _2Theology
942 _2lcc
_cBK
_n0
999 _c1160
_d1160